Istilah media dan perutusan (komunikasi) : Bahasa Inggeris - Bahasa Malaysia, Bahasa Malaysia - Bahasa Inggeris

Bibliographic Details
Corporate Author: Dewan Bahasa dan Pustaka
Format: Book
Language:English
Published: Kuala Lumpur : Dewan Bahasa dan Pustaka 1989
Subjects:

MARC

LEADER 00000cam a2200000 7i4500
001 0000000611
005 20240912.0
008 991124 my eng
020 |a 9836211160 (pbk) 
040 |a INS   |b eng   |e rda 
090 0 0 |a RPL5087.3.M414   |b .I87 1989 
245 1 0 |a Istilah media dan perutusan (komunikasi) :   |b Bahasa Inggeris - Bahasa Malaysia, Bahasa Malaysia - Bahasa Inggeris 
264 1 |a Kuala Lumpur :   |b Dewan Bahasa dan Pustaka   |c 1989 
264 4 |c ©1989 
300 |a xx, 136 pages ;   |c 14 cm. 
336 |a text  |2 rdacontent 
337 |a unmediated  |2 rdamedia 
338 |a volume  |2 rdacarrier 
650 0 |a Communication   |x Terminology 
650 0 |a Mass media   |x Terminology 
710 2 |a Dewan Bahasa dan Pustaka 
999 |a 0000003989   |b BOOK   |c Red Spot   |e Default branch